MARC

LEADER 00000nam0a2200000 4500
001 18182
005 20231030191211.0
010 |a 5250009980 
035 |a (RuTPU)RU\TPU\book\18331 
035 |a BOOK00018400 
090 |a 18182 
100 |a 20011209d1989 m y0rusy50 ca 
101 0 |a rus 
102 |a RU 
105 |a a j 000zy 
200 1 |a Политическая экономия  |e учебник для вузов  |f В. А. Медведев, Л. И. Абалкин, О. И. Ожерельев и др. 
210 |a Москва  |c Политиздат  |d 1989 
215 |a 735 с.  |c ил. 
610 1 |a экономика 
610 1 |a политическая экономия 
610 1 |a капитализм 
610 1 |a социализм 
610 1 |a мировая экономика 
610 1 |a учебники 
686 |a У011я73  |v LBC/SL-A  |2 rubbk 
701 1 |a Медведев  |b В. А. 
701 1 |a Абалкин  |b Л. И.  |g Леонид Иванович 
701 1 |a Ожерельев  |b О. И. 
701 1 |a Аганбегян  |b А. Г. 
701 1 |a Камаев  |b В. Д. 
701 1 |a Куликов  |b В. В. 
701 1 |a Мартынов  |b В. А. 
701 1 |a Пороховский  |b А. А. 
801 0 |a RU  |b 63413507  |c 20011209  |g PSBO 
801 2 |a RU  |b 63413507  |c 20151221  |g PSBO 
942 |c BK